00338 a2200109 4500001001000000005001700010008004100027245005700068100002300125773006300148999001700211ART_1102720260410161849.0260409a 10aTarifas para el servicio residencial de agua potable1 aTrapé, Alejandro0 tEconómicag- Año XXXVIII, Nº 1/2 (ene. 1992)wREV7541 c24870d24870